Reforma de las Haciendas locales (Record no. 124292)

MARC details
000 -LEADER
campo de control de longitud fija 00657nam a2200193 i 4500
001 - NÚMERO DE CONTROL
campo de control 124292
003 - IDENTIFICADOR DE NÚMERO DE CONTROL
campo de control ES-MaACL
005 - FECHA Y HORA DE LA ÚLTIMA TRANSACCIÓN
campo de control 20250827062623.0
007 - CAMPO FIJO DE DESCRIPCIÓN FÍSICA--INFORMACIÓN GENERAL
campo de control de longitud fija t|
008 - DATOS DE LONGITUD FIJA--INFORMACIÓN GENERAL
campo de control de longitud fija 070214s1954 sp l |||| | spa d
110 1# - ENTRADA PRINCIPAL--NOMBRE DE ENTIDAD CORPORATIVA
Nombre de entidad corporativa o nombre de jurisdicción como elemento de entrada España
9 (RLIN) 3622
130 00 - ENTRADA PRINCIPAL--TÍTULO UNIFORME
Título uniforme Leyes, etc.
9 (RLIN) 122601
245 10 - MENCIÓN DEL TÍTULO
Título Reforma de las Haciendas locales
Resto del título : Ley de Bases de 3 de diciembre de 1953 y Decreto del 18 con su texto articulado /
Mención de responsabilidad, etc. Abella ; por la redacción de El Consultor de los Ayuntamientos.
260 ## - PUBLICACIÓN, DISTRIBUCIÓN, ETC.
Lugar de publicación, distribución, etc. Madrid :
Nombre del editor, distribuidor, etc. [s. n.],
Fecha de publicación, distribución, etc. 1954.
300 ## - DESCRIPCIÓN FÍSICA
Extensión 100 p. ;
Dimensiones 17 cm.
700 1# - ENTRADA AGREGADA--NOMBRE PERSONAL
Nombre de persona Abella y Fuertes, Joaquín,
9 (RLIN) 18056
852 ## - LOCALIZACIÓN
Ubicación ES-MaACL
Número de control de estantería 1955-F-9
Holdings
Estatus retirado Estado de pérdida Estado de daño No para préstamo Colección Biblioteca de origen Biblioteca actual Ubicación en estantería Fecha de adquisición Fuente de adquisición Total de préstamos Signatura topográfica completa Código de barras Visto por última vez Precio de reemplazo Tipo de ítem Koha
        Colección de folletos Biblioteca del Ateneo de Madrid Biblioteca del Ateneo de Madrid Depósito folletos 17/01/2008     1955-F-9 1129490 23/02/2023 23/02/2023 Folleto